Statistics for The 100 busiest airports in Europe

Click here to take the quiz!

General Stats

  • This quiz has been taken 143 times
  • The average score is 76 of 100

Answer Stats

HintAnswer% Correct
32,8London (Gatwick)
100%
61,6London (Heathrow)
100%
13,3London (Luton)
100%
23,3London (Stansted)
100%
4,6Paris (Beauvais–Tillé)
100%
57,5Paris (Charles de Gaulle)
100%
29,2Paris (Orly)
100%
19,8Berlin
98%
28,3Lisbon
98%
50,6Madrid
98%
21,2Moscow (Domodedovo)
98%
28,4Moscow (Sheremetyevo)
98%
16,4Moscow (Vnukovo)
98%
29,4Rome
98%
23,7Vienna
98%
22,7Athens
97%
41,6Barcelona
97%
23,4Manchester
97%
13,2Milan/Bergamo (Orio al Serio)
97%
7,7Milan (Linate)
97%
21,3Milan (Malpensa)
97%
10,7Prague
97%
14,4Warsaw
97%
52,5Amsterdam
96%
27,8Dublin
96%
31,6Munich
96%
22,5Oslo
96%
48,9Frankfurt
95%
64,5Istanbul
95%
18,4Stockholm
95%
18,9Brussels
94%
12,6Porto
94%
12,6Bucharest
93%
12,2Budapest
93%
22,1Copenhagen
92%
11,3Edinburgh
92%
6,5Glasgow
92%
12,9Helsinki
92%
9,1Marseille
92%
18,1Saint Petersburg
92%
10,9Naples
91%
22,6Zürich
91%
8,6Lyon
89%
12,1Nice
89%
6Sofia
88%
11,1Hamburg
87%
9,3Venice
87%
14,1Geneva
85%
4,2Turin
84%
9,6Birmingham
83%
8,7Cologne/Bonn
82%
6,8Seville
82%
5,4Riga
81%
7Stuttgart
81%
5,6Belgrade
80%
7,4Kraków
80%
16Düsseldorf
79%
8,1Valencia
79%
5,7Bordeaux
77%
28,6Palma de Mallorca
77%
5,1Bilbao
76%
4,8Belfast
75%
3,9Vilnius
75%
7,1Palermo
74%
18,5Málaga
72%
7Toulouse
71%
6,1Reykjavík
70%
4,4Gothenburg
69%
5,9Thessaloniki
68%
5,2Tirana
66%
7,1Basel/Mulhouse/Freiburg im Breisgau
65%
6Bergen
65%
8,2Ibiza
65%
8,5Bologna
63%
5,8Nantes
63%
4,1Newcastle upon Tyne
62%
13,2Alicante
61%
4,6Gdańsk
61%
5,9Malta/Valletta
61%
4Hannover
60%
4,1Luxembourg City
57%
6,2Bari
56%
7,9Bristol
56%
8,1Heraklion
56%
10,1Catania
55%
8,2Faro
53%
6,3Eindhoven
50%
4,4Cagliari
45%
4,5Pisa
45%
5,9Rhodes
45%
4,4Katowice
41%
3,7Corfu
39%
4Kazan
37%
3,8Trondheim
36%
8,3Charleroi
30%
3,7Billund
29%
4,1Ufa
15%
3,7Kaliningrad
13%
3,9Mahón
9%
4,1Mineralnye Vody
2%

Score Distribution

Percentile by Number Answered

Percent of People with Each Score

Your Score History

You have not taken this quiz